Research agenda for sustainable tourism / (Record no. 47642)

MARC details
000 -LEADER
fixed length control field 00465nam a2200169Ia 4500
005 - DATE AND TIME OF LATEST TRANSACTION
control field 20260122095429.0
008 - FIXED-LENGTH DATA ELEMENTS--GENERAL INFORMATION
fixed length control field 260121s9999||||xx |||||||||||||| ||und||
020 ## - INTERNATIONAL STANDARD BOOK NUMBER
International Standard Book Number 9781788117098
082 ## - DEWEY DECIMAL CLASSIFICATION NUMBER
Classification number 338.4791
Item number MCC
100 ## - MAIN ENTRY--PERSONAL NAME
Personal name Mccool, F. Stephen
245 #0 - TITLE STATEMENT
Title Research agenda for sustainable tourism /
260 ## - PUBLICATION, DISTRIBUTION, ETC. (IMPRINT)
Place of publication, distribution, etc United Kingdom :
Name of publisher, distributor, etc Edward Elgar,
Date of publication, distribution, etc 2019.
300 ## - PHYSICAL DESCRIPTION
Extent xiv, 255 p.; pbk
650 ## - SUBJECT ADDED ENTRY--TOPICAL TERM
Topical term or geographic name as entry element Research Agenda
650 ## - SUBJECT ADDED ENTRY--TOPICAL TERM
Topical term or geographic name as entry element Sustainable tourism
942 ## - ADDED ENTRY ELEMENTS (KOHA)
Koha item type Text Books
Holdings
Date last seen Total Checkouts Full call number Barcode Price effective from Koha item type Lost status Damaged status Not for loan Collection code Withdrawn status Home library Current library Shelving location Date acquired Source of acquisition
22/01/2026   338.4791 MCC 53318 22/01/2026 Text Books       Non-fiction   CUTN Central Library CUTN Central Library Social Sciences 22/01/2026 T. R. Publications, Chennai - Invoice No. - TRPHO/2024/CRB/370 on 06-03-2025